Name Dropping #34: Best Actress Oscars (2011-2020) - Statistics

General Stats
  • This quiz has been taken 80 times
  • The average score is 17 of 20
Answer Stats
Hint Extra Hint Answer % Correct
Brie BA, 2015, Room Larson
97%
Emma BA, 2016, La La Land Stone
97%
Jennifer BA, 2012, Silver Linings Playbook Lawrence
95%
Meryl BA, 2011, The Iron Lady Streep
95%
Cate BA, 2013, Blue Jasmine Blanchett
93%
Anne BSA, 2012, Les Misérables Hathaway
93%
Renée BA, 2019, Judy Zellweger
92%
Viola BSA, 2016, Fences Davis
88%
Frances BA, 2020, Nomadland McDormand
88%
Julianne BA, 2014, Still Alice Moore
88%
Lupita BSA, 2013, 12 Years a Slave Nyong'o
88%
Yuh-jung BSA, 2020, Minari Youn
88%
Patricia BSA, 2014, Boyhood Arquette
87%
Frances BA, 2017, Three Billboards Outside Ebbing, Missouri McDormand
87%
Laura BSA, 2019, Marriage Story Dern
85%
Olivia BA, 2018, The Favourite Colman
83%
Alicia BSA, 2015, The Danish Girl Vikander
77%
Regina BSA, 2018, If Beale Street Could Talk King
75%
Octavia BSA, 2011, The Help Spencer
75%
Allison BSA, 2017, I, Tonya Janney
65%
No matching quizzes found
Score Distribution
Percent of People with Each Score
Percentile by Number Answered
Your Score History
You have not taken this quiz